Planificación de la inversión pública municipal de los municipios de la Trinidad y San Nicolás de oriente del departamento de Estelí y su articulación con el presupuesto del FISE y del IDR en los años 2006 - 2007
Presenta un estudio de la correlación entre planificación de la inversión pública municipal de los municipios de la Trinidad y San Nicolás con las asignaciones para la inversión pública del IDR y FISE durante los periodos 2006 - 2007
| Main Author: | |
|---|---|
| Other Authors: | |
| Format: | Tesis Section = Libro |
| Language: | Undetermined Spanish |
| Published: |
Managua
UNI
2008
|
| Subjects: |
| LEADER | 01118nam a2200229Ia 4500 | ||
|---|---|---|---|
| 008 | 240830s9999 xx 000 0 und d | ||
| 040 | |a BIBLIOTECA-RUSB/ M.Mon 350 R696 | ||
| 041 | |a spa | ||
| 082 | |a M.Mon 350 R696 | ||
| 100 | 1 | |a Rodríguez Rodríguez, Jaime Enrique | |
| 245 | 1 | 0 | |a Planificación de la inversión pública municipal de los municipios de la Trinidad y San Nicolás de oriente del departamento de Estelí y su articulación con el presupuesto del FISE y del IDR en los años 2006 - 2007 |
| 260 | |a Managua |b UNI |c 2008 | ||
| 300 | |a 187 p. :il. | ||
| 502 | |a Tesis (Máster en Administración de Políticas Públicas) - UNI, 2008. | ||
| 520 | 3 | |a Presenta un estudio de la correlación entre planificación de la inversión pública municipal de los municipios de la Trinidad y San Nicolás con las asignaciones para la inversión pública del IDR y FISE durante los periodos 2006 - 2007 | |
| 650 | 7 | |a ADMINISTRACIÓN PUBLICA | |
| 650 | 7 | |b INVERSIÓN PÚBLICA MUNICIPAL | |
| 650 | 7 | |c PLANIFICACIÓN MUNICIPAL | |
| 700 | 1 | |a Tutor: | |
| 942 | |c BK |2 ddc | ||
| 991 | |a TESIS | ||
| 999 | |c 19245 | ||